Foundations of electromagnetic theory /

Guardado en:
Detalles Bibliográficos
Autor principal: Reitz, John R.
Formato: Libro
Lenguaje:English
Publicado: Reading, Mass : Addison-Wesley Pub. Co, 1993.
Edición:4th edition.
Materias:
Etiquetas: Agregar Etiqueta
Sin Etiquetas, Sea el primero en etiquetar este registro!
Thư viện lưu trữ: Mạng thư viện Đại học Đà Nẵng
LEADER 00827cam a2200325 i 4500
001 000045932
003 5152
005 20030317093709.0
008 010220|1993 vm 000 eng
020 |a 0201526247 
040 |a IRC  |c IRC  |d IRC 
041 0 |a eng 
082 1 4 |a 530.141  |b RE-J 
100 1 |a Reitz, John R. 
245 0 0 |a Foundations of electromagnetic theory /  |c John R. Reitz. 
250 |a 4th edition. 
260 |a Reading, Mass :  |b Addison-Wesley Pub. Co,  |c 1993. 
300 |a ix, 630p. :  |b ill. 
630 0 4 |a Electromagnetic. 
650 0 4 |a Electromagnetic theory. 
OWN |a DUT 
999 |a From the UDN01 
TYP |a Monograph 
TYP |a Printed language 
980 |a Mạng thư viện Đại học Đà Nẵng